00595nam a22001937a 4500003000900000008004100009040007100050082002400121100003200145245002700177260004700204300002700251505002300278650002300301650001100324650002600335650002600361650001400387AR-CdUCM190325b ||||| |||| 00| 0 spa d aMUNICIPALIDAD PROVINCIAL DEL CUSCOcBIBLIOTECA MUNICIPAL DEL CUSCO a869.56 / B25PbB25P aBarrera Reyes, Luis Alberto aPoemas frente al Mar / aCusco :bEditorial Gráfica Hanaq,c2017. a60 páginas ;c21 cm. aContenido : Poemas aPoesías peruanas aPoemas aLiteratos cusqueños aLiteratura cusqueña aSiglo XXI